000 00587nam a2200193Ia 4500
003 GCL
008 140319s9999 xx 000 0 eng d
040 _aGCL /
_cGCL
082 0 4 _a621.3
_bG P
100 1 _aGUPTA. B.R
245 1 0 _aPRINCIPLES OF ELECTRICAL ENGINEERING : CIRCUITS, MEASUREMENTS, MACHINES, ELECTRONICS, GENERAL /
_cGUPTA. B.R
260 _a[S.N] :
_bS. CHAND & COMPANY HRD ،
_c1993
300 _a876 P
650 0 4 _aالتحليل الرياضى
650 0 4 _aELECTRIC EQUIPMENTS
650 0 4 _aMACHINE - TOOLS
650 0 4 _aELECTRIC ENGINEERING
942 _2ddc
_cBK
999 _c19834
_d19834